| 000 | 00617cam a2200181Mi 4500 | ||
|---|---|---|---|
| 020 | _a9789251064139 | ||
| 020 | _a925106413X | ||
| 040 | _cNLGGC | ||
| 082 | _a551 FOO 2009 A032 Or. | ||
| 100 | 1 | _aNeely, C. | |
| 245 | 1 | 0 |
_aReview of evidence on drylands pastoral systems and climate change : _bimplications and opportunities for mitigation and adaptation / |
| 260 |
_aRome : _bFood and agriculture organization of the United nations (FAO), _c2009. |
||
| 300 |
_aviii, 38 p. : _bill. ; _c30 cm. |
||
| 490 | 0 | _aLand and water discussion paper / FAO ; | |
| 700 | 1 | _aBunning, S. | |
| 700 | 1 | _aWilkes, A. | |
| 942 | _cEK | ||
| 999 |
_c12017 _d12017 |
||